| 000 | 00752nam a2200241 i 4500 | ||
|---|---|---|---|
| 001 | 18569 | ||
| 003 | ES-MaACL | ||
| 005 | 20230906151852.0 | ||
| 007 | t| | ||
| 008 | 020207s1998 sp ||||1| spa d | ||
| 020 | _a84-89512-09-4 | ||
| 080 | _a929(460)"14" | ||
| 100 | 1 |
_aBenito Ruano, Eloy. _927689 |
|
| 245 | 1 | 0 |
_aGente del siglo XV / _cEloy Benito Ruano. |
| 260 |
_aMadrid : _bReal Academia de la Historia, _c1998. |
||
| 300 |
_a336 p., [1] h. de lám. : _bil. ; _c21 cm. |
||
| 490 | 1 |
_aClave historial ; _v5 |
|
| 650 | 1 | 4 |
_aEspañoles- _yS.XV- _xBiografías. _912479 |
| 710 | 2 |
_aReal Academia de la Historia (España) _96309 |
|
| 830 | 0 |
_aClave historial ; _v5 _9179796 |
|
| 852 |
_aES-MaACL _jL-25138 _bR.130542 |
||
| 999 |
_c18569 _d18569 |
||